African polyphony and polyrhythm : musical structure and methodology

Αποθηκεύτηκε σε:
Λεπτομέρειες βιβλιογραφικής εγγραφής
Κύριος συγγραφέας: Arom, Simha
Άλλοι συγγραφείς: Thom, Martin (Μεταφραστής), Tuckett, Barbara (trlf), Boyd, Raymond (Μεταφραστής)
Μορφή: Βιβλίο
Γλώσσα:English
French
Δημοσίευση: Cambridge : Cambridge University Press, c1991.
Θέματα:
Ετικέτες: Προσθήκη ετικέτας
Δεν υπάρχουν, Καταχωρήστε ετικέτα πρώτοι!

MARC

LEADER 00000cam a2200000 i 4500
001 1/61277
008 930909s1991 enk| ||| |||| ||eng||
020 |a 052124160- 
035 |a ΛΕΣΒΟΣb10000828  |l 10000828 
040 |a GR-MyUA  |b gre  |e AACR2 
041 1 |a eng  |h fre 
082 0 |a 781.2840967 
100 1 |a Arom, Simha. 
245 1 0 |a African polyphony and polyrhythm :   |b musical structure and methodology /   |c Simha Arom ; translated by Martin Thom, B. Tuckett, R. Boud.  
260 |a Cambridge :   |b Cambridge University Press,   |c c1991.  
300 |a 659 σ. :   |b εικ. ;  
500 |a Τίτλος πρωτοτύπου: Polyphonies et polyrythmies instrumentales d'Afrique centrale.  
504 |a Βιβλιογραφία: σ. 660-668.  
650 0 0 |a Music  |z Africa, Central  |x History and criticism. 
650 0 0 |a Counterpoint. 
650 0 0 |a Musical meter and rhythm. 
700 1 |a Thom, Martin,  |e trl 
700 1 |a Tuckett, Barbara,  |e trlf 
700 1 |a Boyd, Raymond,  |e trl 
852 |a INST  |b LESVOS  |e 19930909  |h 781.2840967 ARO  |p 005100004851  |q 005100004851  |t BK  |y 0 
909 |a Λ  |b 026949